MDQL
is popping MORE tags! Check the
thread
!
Quizzes
Events
Quiz Creation
Community
Videos
Private Events
Remove Ads
Sign In
Join for FREE
Feedback
Dark Mode
Quiz Categories
Sports
Geography
Music
Movies
Television
Just For Fun
Miscellaneous
History
Literature
Language
Science
Gaming
Entertainment
Religion
Holiday
For Kids
Quiz Lab
Recent
Popular Today
Quiz Kudos Today
Editor Picks
Curator Picks
Quizzes by...
Day
Popularity
Type
Ratings
Length
Year
Community
Subscriptions
Recent Discussions
Orange Saloon
Badges
Playlists
Quests
Create
Leaderboards
Showdown
Live 5
Trivia Bingo
Activity
Puzzle Library
Sporcle Events
Private Events
Virtual Trivia
Globe League
Become a Host
Pub Owners
SporcleCon
Opinionation
Our Games
Videos
Blog
Mobile Apps
Partnerships
Remove Ads and Go Orange
Feedback
Entertainment
Celebrity
Famous
Musical
Broadway
Show
Quote
Comic Books
Anime
Superhero
DC Comics
Marvel
Cartoons
Animation
Entertainment
Celebrity
Famous
Musical
Broadway
Show
Quote
Comic Books
Anime
Superhero
DC Comics
Marvel
Cartoons
Animation
Random Quiz
Search Sporcle
×
Quiz Lab
Quiz Lab
Entertainment
Artist
Type in answers that appear in a list
Type in answers that appear in a list
Classic
Best Score? Go Orange.
Kennedy Center Honorees Stats
Can you name the Kennedy Center Honors 1978-2011?
By
DiomedesJones
15m
170 Questions
61 Plays
61 Plays
61 Plays
Comments
Comments
Give Quiz Kudos
Give Quiz Kudos
-
- Ratings
hide this ad
Replay
Link that replays current quiz
Next Quiz
Link to next quiz in quiz playlist
You Got
0%
They Got
Avg Score
27%
Avg Friend Score
Upgrade to see
Score Distribution
Jump to the score distribution portion of the page
Score
0/170
Timer
15:00
0
Plays Today
Year
Recipient
% Correct
2011
Yo-Yo Ma
73.8%
2010
Paul McCartney
72.1%
2011
Meryl Streep
70.5%
2009
Robert De Niro
63.9%
2006
Steven Spielberg
59%
2010
Oprah Winfrey
57.4%
1978
Fred Astaire
54.1%
2003
Carol Burnett
54.1%
2011
Neil Diamond
50.8%
2010
Merle Haggard
49.2%
1993
Johnny Carson
47.5%
2006
Dolly Parton
47.5%
2008
Barbra Streisand
47.5%
2010
Jerry Herman
47.5%
1980
Leonard Bernstein
45.9%
2009
Dave Brubeck
45.9%
2011
Barbara Cook
45.9%
1993
Stephen Sondheim
44.3%
2000
Angela Lansbury
44.3%
2004
Elton John
44.3%
1990
Katharine Hepburn
42.6%
1998
Bill Cosby
42.6%
2007
Diana Ross
42.6%
1983
Frank Sinatra
41%
1985
Bob Hope
41%
1992
Ginger Rogers
41%
1996
Johnny Cash
41%
1998
Willie Nelson
41%
2001
Jack Nicholson
41%
1978
George Balanchine
39.3%
1994
Aretha Franklin
39.3%
2001
Julie Andrews
39.3%
2007
Steve Martin
39.3%
2007
Martin Scorsese
39.3%
2009
Mel Brooks
39.3%
2009
Bruce Springsteen
39.3%
1983
James Stewart
37.7%
1984
Arthur Miller
37.7%
1986
Lucille Ball
37.7%
1987
Bette Davis
37.7%
1995
Neil Simon
37.7%
2000
Clint Eastwood
37.7%
2001
Luciano Pavarotti
37.7%
1982
Gene Kelly
36.1%
2000
Placido Domingo
36.1%
2004
John Williams
36.1%
2008
Twyla Tharp
36.1%
1979
Ella Fitzgerald
34.4%
1979
Henry Fonda
34.4%
1992
Paul Newman & Joanne Woodward
34.4%
2003
James Brown
34.4%
2004
Joan Sutherland
34.4%
2006
Andrew Lloyd Webber
34.4%
2010
Bill T. Jones
34.4%
2011
Sonny Rollins
34.4%
1979
Martha Graham
32.8%
2003
Loretta Lynn
32.8%
Year
Recipient
% Correct
2004
Warren Beatty
32.8%
2005
Robert Redford
32.8%
2008
Morgan Freeman
32.8%
1985
Beverly Sills
31.1%
1988
George Burns
31.1%
1998
Shirley Temple Black
31.1%
2002
Chita Rivera
31.1%
2004
Ossie Davis & Ruby Dee
31.1%
1978
Marian Anderson
29.5%
1979
Tennessee Williams
29.5%
1982
Benny Goodman
29.5%
1988
Alvin Ailey
29.5%
1991
Gregory Peck
29.5%
1995
Sidney Poitier
29.5%
1996
Jack Lemmon
29.5%
2002
Elizabeth Taylor
29.5%
2006
Smokey Robinson
29.5%
2008
George Jones
29.5%
1978
Richard Rodgers
27.9%
1978
Arthur Rubinstein
27.9%
1985
Irene Dunne
27.9%
1990
Billy Wilder
27.9%
1995
B.B. King
27.9%
1997
Bob Dylan
27.9%
1997
Charlton Heston
27.9%
2002
James Levine
27.9%
2002
Paul Simon
27.9%
1981
Cary Grant
26.2%
1981
Jerome Robbins
26.2%
1995
Marilyn Horne
26.2%
1999
Stevie Wonder
26.2%
2007
Brian Wilson
26.2%
1984
Danny Kaye
24.6%
1986
Ray Charles
24.6%
1987
Perry Como
24.6%
1989
Claudette Colbert
24.6%
1996
Edward Albee
24.6%
2001
Van Cliburn
24.6%
2003
Mike Nichols
24.6%
2009
Grace Bumbry
24.6%
1979
Aaron Copland
23%
1980
James Cagney
23%
1980
Leontyne Price
23%
1981
Count Basie
23%
1989
Mary Martin
23%
1991
Roy Acuff
23%
1991
Betty Comden & Adolph Green
23%
1997
Lauren Bacall
23%
2005
Tina Turner
23%
2008
Pete Townshend & Roger Daltrey
23%
1981
Helen Hayes
21.3%
1984
Isaac Stern
21.3%
1986
Hume Cronyn & Jessica Tandy
21.3%
1990
Dizzy Gillespie
21.3%
1980
Agnes de Mille
19.7%
1980
Lynn Fontanne
19.7%
1982
Lillian Gish
19.7%
Year
Recipient
% Correct
1987
Sammy Davis, Jr.
19.7%
1997
Jessye Norman
19.7%
1999
Victor Borge
19.7%
2005
Tony Bennett
19.7%
2005
Julie Harris
19.7%
1984
Lena Horne
18%
1988
Myrna Loy
18%
1992
Lionel Hampton
18%
1993
Marion Williams
18%
2000
Chuck Berry
18%
2002
James Earl Jones
18%
2003
Itzhak Perlman
18%
1989
Harry Belafonte
16.4%
1994
Kirk Douglas
16.4%
1997
Edward Villella
16.4%
2005
Suzanne Farrell
16.4%
1983
Elia Kazan
14.8%
1985
Merce Cunningham
14.8%
1995
Jacques d'Amboise
14.8%
1999
Sean Connery
14.8%
1999
Jason Robards
14.8%
1994
Pete Seeger
13.1%
1996
Maria Tallchief
13.1%
1998
Fred Ebb & John Kander
13.1%
2001
Quincy Jones
13.1%
2006
Zubin Mehta
13.1%
1985
Alan Jay Lerner & Frederick Loewe
11.5%
1986
Yehudi Menuhin
11.5%
1990
Rise Stevens
11.5%
1999
Judith Jamison
11.5%
2000
Mikhail Baryshnikov
11.5%
2007
Leon Fleisher
11.5%
1983
Katherine Dunham
9.8%
1984
Gian Carlo Menotti
9.8%
1991
Fayard Nicholas & Harold Nicholas
9.8%
1991
Robert Shaw
9.8%
1992
Mstislav Rostropovich
9.8%
1994
Harold Prince
9.8%
1982
George Abbott
8.2%
1987
Nathan Milstein
8.2%
1990
Jule Styne
8.2%
1993
Georg Solti
8.2%
1998
Andre Previn
8.2%
1981
Rudolf Serkin
6.6%
1987
Alwin Nikolais
6.6%
1988
Roger L. Stevens
6.6%
1989
William Schuman
6.6%
1992
Paul Taylor
6.6%
1993
Arthur Mitchell
6.6%
1982
Eugene Ormandy
4.9%
1986
Antony Tudor
4.9%
1988
Alexander Schneider
4.9%
1989
Alexandra Danilova
4.9%
1996
Benny Carter
4.9%
1983
Virgil Thomson
3.3%
1994
Morton Gould
3.3%
Quiz Playlist
Details
Report
Send in Message
Add To Playlist
Classic:
Type in answers that appear in a list
Quiz Source
Last Updated: Feb 16, 2017
Quiz Scoreboard
CHALLENGE
Sign Up to Join the Scoreboard
Show All
Scores
Hide
Comments
May contain spoilers
Recently Published
Find the 'City' Movie
by crazypaving
Movies
60s
5x2 Blitz: Bands
by SL_Kpop136
Music
30s
Colored Red Africa Blitz
by spor1
Geography
30s
More to Explore
Quiz From the Vault
Featured Blog Post
14 Easter Pick-up Lines to Find Eggs With
hide this ad
You Might Also Like...
Tags
Artist Quiz
honor
honoree
Kennedy Center
recipient
Today's Top Quizzes in Entertainment
Browse Entertainment
hide this ad
Today's Top Quizzes in Artist
Browse Artist
Top Contributed Quizzes in Entertainment
1
Dragon Ball Z: Goku's Fights in Order
2
Marvel Characters Bunker
3
Marvel Classic Character Map
4
Celebrity Spelling Bee
5
This is Your Life: Edward Elric
6
This is Your Life: Itachi Uchiha
7
Dragon Ball Z: Immortal Characters
8
X-Men: 10 to 1
9
Fairy Tail 12-1
10
Finish The Line - Starship (Starkid)
Explore More
Trending Topics
Kpop
Anime
Marvel
Crossword
Disney
Harry Potter
NBA
Song
Puzzle
NFL
Country
Soccer
Pokémon
The Office
WWE
hide this ad
More By:
DiomedesJones
Quiz
Plays
Rating
Category
Featured
Created
Unnamed Disney Characters
3,500
4.25
Movies
Jul 29, 2012
Kennedy Center Honorees
61
1.00
Entertainment
Dec 8, 2011
Oscars Best Song
38
1.50
Movies
Jul 8, 2012
Go to Creator's Profile
Score Distribution
Quiz Creator Spotlight
DiomedesJones
Follow
Send a Message
Quizzes Created
-
Created Quiz Play Count
-
More By This Creator
Popular Quizzes Today
1
Colored Red Africa Blitz
2
Find the 'City' Movie
3
5x2 Blitz: Bands
4
Find the US States - No Outlines Minefield
5
The Countries of the World
6
Find the US States
7
US States
8
9x9 Crossword: Cartoon Network
More Entertainment Quizzes
Animated Enemies III
Quiz Lab
Trending Quizzes
Colored Red Europe Blitz I
Colored Red Africa Blitz II
Colored Red Europe Blitz II
Colored Red Europe Blitz III
Colored Red Africa Blitz III
Recently Updated
Famous TV Couples
Peacemaker
Champions League XIs: Real Madrid
pecheneg
Largest US Cities 1790-2010
pecheneg
Rides in Walt Disney World
pecheneg
Most Oscar Losses (Acting)
pecheneg
Beyoncé Albums
pecheneg
Leaping Animals
pecheneg
Reality TV Shows (A-Z)
bhenderson79
Rickey Henderson's Hall of Fame Teammates
pecheneg
Champions League XIs: Arsenal
pecheneg
Trending Topics
Anime
NBA
Crossword
Disney
Kpop
Marvel
Harry Potter
Country
Song
Pokémon
Soccer
NFL
Puzzle
WWE
The Office
Your Account Isn't Verified!
In order to create a playlist on Sporcle, you need to verify the email address you used during registration. Go to your
Sporcle Settings
to finish the process.
Report this User
Report this user for behavior that violates our
Community Guidelines
.
Details:
Send Report
Go to the Sporcle.com Mobile Site →
Comments